000 00658nam a2200229Ia 4500
003 OSt
005 20220926001032.0
006 a|||||r|||| 00| 0
007 ta
008 220923b |||||||| |||| 00| 0 eng d
037 _cGeneral Book
040 _aRTL
_cRTL
_beng
041 _2eng
_aeng
082 _aY31:7:7.2.N8, M4
100 _aVarma S C
_9259274
245 0 _aMilions in poverty grip
_b India's rural works programme
260 _a New Delhi
_bKunj Publishers
_c1984
300 _axv, 172p
_ccm.
650 _aCommunity Development
942 _hY31:7:7.2.N8, M4
_cGB
_2CC
999 _c600270
_d600270